书目信息 |
| 题名: |
生态江西读本
|
|
| 作者: | 傅修延 著 | |
| 分册: | ||
| 出版信息: | 南昌 二十一世纪出版社集团 2019.4 |
|
| 页数: | 115页 | |
| 开本: | 21cm | |
| 丛书名: | ||
| 单 册: | ||
| 中图分类: | X321.256 | |
| 科图分类: | ||
| 主题词: | 生态环境建设--概况--江西 | |
| 电子资源: | ||
| ISBN: | 978-7-5568-3959-9 | |
| 000 | 00898nam0 2200229 450 | |
| 001 | 202019135107 | |
| 005 | 20191007123107.0 | |
| 010 | @a978-7-5568-3959-9@dCNY25.00 | |
| 100 | @a20191003d2019 em y0chiy0110 ea | |
| 101 | 0 | @achi |
| 102 | @aCN@b360000 | |
| 105 | @ay z 000yy | |
| 106 | @ar | |
| 200 | 1 | @a生态江西读本@ASheng Tai Jiang Xi Du Ben@f傅修延著 |
| 210 | @a南昌@c二十一世纪出版社集团@d2019.4 | |
| 215 | @a115页@d21cm | |
| 330 | @a在本书中,作者围绕人与自然关系考察历史上的赣鄱文化的发展,揭示其中蕴涵的生态思想以及对当今生态文明建设的启示,包括回归自然、敬畏自然、顺应环境、保育生态、节约资源与务实发展等具体内容。每个版块既有自己的重点,与其他板块又有密切联系,具有“接地气”“通古今”“宜接受”三大特色。 | |
| 606 | 0 | @a生态环境建设@x概况@x江西 |
| 690 | @aX321.256@v5 | |
| 701 | 0 | @a傅修延@AFu Xiu Yan@4著 |
| 801 | 0 | @aCN@c20190905 |
| 905 | @a河南城建学院图书馆@dX321.256@eF968 | |
| 生态江西读本/傅修延著.-南昌:二十一世纪出版社集团,2019.4 |
| 115页;21cm |
| ISBN 978-7-5568-3959-9:CNY25.00 |
| 在本书中,作者围绕人与自然关系考察历史上的赣鄱文化的发展,揭示其中蕴涵的生态思想以及对当今生态文明建设的启示,包括回归自然、敬畏自然、顺应环境、保育生态、节约资源与务实发展等具体内容。每个版块既有自己的重点,与其他板块又有密切联系,具有“接地气”“通古今”“宜接受”三大特色。 |
| ● |
| 相关链接 |
|
|
|
正题名:生态江西读本
索取号:X321.256/F968
 
预约/预借
| 序号 | 登录号 | 条形码 | 馆藏地/架位号 | 状态 | 备注 |
| 1 | 1443562 | 214435627 | 自科库501/501自科库 66排3列3层/ [索取号:X321.256/F968] | 在馆 | |
| 2 | 1443563 | 214435636 | 自科库501/501自科库 66排3列3层/ [索取号:X321.256/F968] | 在馆 |